Sanat - "Sairas karhunpoika" - Statistics

Yleistilastot
  • Tätä visaa on pelattu 13 kertaa
  • Keskiarvotulos 29 / 58
Vastaustilastot
Vastaus % Oikein
hän
100%
häntä
100%
Karhunpoika
100%
sairastaa
100%
hellikäämme
92%
nalle
92%
hoidelkaa
75%
lääkkehillä
75%
lääke
67%
nalleystäväämme
67%
on
67%
paras
67%
uni
67%
avun
58%
ehkä
58%
hyväks
58%
lämpöinen
58%
maito
58%
nauttikaamme
58%
olla
58%
siitä
58%
toisi
58%
tuore
58%
voisi
58%
aamuksi
50%
jo
50%
kuntohon
50%
matto
50%
raukan
50%
saamme
50%
ei
42%
hänen
42%
vehnäkorppu
42%
vierellensä
42%
aamunkoi
33%
heitä
33%
hellään
33%
kääritähän
33%
kaunis
33%
käymme
33%
koittaa
33%
kunnes
33%
lauletaan
33%
laulu
33%
levitellään
33%
meitä
33%
meitä
33%
parahin
33%
uinumaan
33%
univirreksensä
33%
uskollisna
33%
Vahtikoira
33%
valkoinen
33%
vartioi
33%
Patjaksensa
25%
peitteheksi
25%
toinenkin
25%
itse
17%
Ehtoja vastaavia visoja ei löytynyt
Tulosjakauma
Jokaisen tuloksen saaneiden osuus
Persentiili vastausten määrän mukaan
Tuloshistoriasi
Et ole pelannut tätä visaa